000 00776nam a2200253 i 4500
001 5725
003 ES-MaACL
005 20231222063025.0
007 t|
008 890516s1988 sp ||||1| spa d
020 _a84-86233-16-X
080 _a91.04(46)
100 1 _aGarcía Pérez, Guillermo,
_d1942-
_955106
245 1 0 _aGuía de las rutas del Cid /
_cGuillermo García Pérez.
250 _a1a ed.
260 _aMadrid :
_bTierra de Fuego,
_c1988.
300 _a280 p. ;
_c12 cm.
500 _aDed. autogr. del autor.
500 _aEjemp. con correcciones mss. del autor.
630 0 _aPoema del Cid-
_xTopografía.
_9123907
651 4 _aEspaña-
_xDescripción.
_98184
852 _aES-MaACL
_jL-12746
_bR.116513
_z. - rust.
999 _c5725
_d5725